01029 a2200145 4500003000500000005001700005040000900022082001400031100001600045245007400061260003900135300001100174505067400185650002400859NUST20230131153644.0 cNust a941.1,FAW aFawcett.C.B aA Political Geography of the British Empire /cC.B.Fawcett and B Litt aLondonbUniversity Of Londonc1933 a408:p. aIntroduction (Page-1), The Geographical Position Of The Lands Of The Empire (Page-11), The Peoples Of The Empire (Page-23), The British Commonwealth (Page-34), The Dependencies (Page-49), Seaways And Airways (Page-59), The British Isles (Page-69), Canada (Page-117), Newfoundland (Page-146), Australia (Page-150), Newzealand (Page-178), South Africa (Page-188), India (Page-220), The British Empire In Southeastern Asia (Page-258), The British Empire In Near East (Page-272), The British Empire In East Africa (Page-299), The British Empire In West Africa (Page-316), The Smaller Scattered Dependencies (Page-331), Some World Relations Of The British Empire (Page-365). apolitical Geography